000 00797nam a2200253Ia 4500
003 OSt
005 20220923225224.0
006 a|||||r|||| 00| 0
007 ta
008 220922b |||||||| |||| 00| 0 pan d
020 _c300
024 _a260,674
037 _b601, 16/02/2012, H.K. Prakashan
_cTextual
040 _aARTS
_cARTS
_bpan
041 _2pan
_apan
082 _aO153,3N33,AA, P9;Q0
100 _aਗੁਰਦਿਆਲ ਸਿੰਘ
_9156275
245 0 _aਆਹਣ
260 _aਚੰਡੀਗੜ੍ਹ
_b ਲੋਕਗੀਤ
_c2010
300 _a412ਪੰ
_ccm.
650 _aਪੰਜਾਬੀ ਸਾਹਿਤ
942 _hO153,3N33,AA, P9;Q0
_cTEXL
_2CC
999 _c376818
_d376818